Formar : camino a la adquisición de responsabilidad personal, tomo ii /

Guardado en:
Autor Principal: Torres de Di Giano, María Viviana
Formato: Libro
Publicado: Bahía Blanca : Agencia Sur, 1996
Materias:
Etiquetas: Agregar Etiqueta
Sin Etiquetas, Sea el primero en etiquetar este registro!
LEADER 00941nam a22002175a 4500
001 CEM.cems012181
005 20060808000000.0
008 130507s1996##################000#0#####d
003 CEMS
020 |a 9879573919 
082 0 4 |a 371.76 
100 1 |a Torres de Di Giano, María Viviana 
245 1 0 |a Formar :  |b camino a la adquisición de responsabilidad personal, tomo ii /  |c María Viviana Torres de Di Giano 
260 |a Bahía Blanca :  |b  Agencia Sur,  |c 1996 
300 |a 158 p. 
500 |a Actividades para docentes 
505 0 |a Guía para la formulación de una guía de trabajo -- El cuidado del cuerpo y la salud -- Trabajando con niños y adolescentes -- El niño y el cuidado de su ambiente -- Educación sexual -- El niño, las leyes, sus derechos y sus deberes. 
653 |a Educación 
653 |a Niños y adolescentes 
653 |a Docentes : actividades 
859 |a CEMS  |b BIB. CEMS - 11 de abril  |h 371.76  |i T636  |p 23425.06  |t Ej.1  |v II  |3 II